000 00785nam a22002417a 4500
003 0
005 20180705142415.0
008 0
010 _aA-159828
020 _a8188583634
_c775.00
035 _aA-159828, B-159830
037 _bCen Lib / Ret
040 _aDPL
_bEN
_c0
082 _a630
_bREF
245 _aReference manual for UGC examinations :
_bNET, SLET, JRF and other UPSC competitive tests Agriculture
260 _aNew Delhi
_bReference Press
_c2004
270 _a4831/24 Ansari Road Darya Ganj
_bNew Delhi
_e110002
300 _a437p
_b24cm(Hb)
650 _aAgriculture -- Examinations -- Study guides.
650 _aAgriculture-- Examinations, questions, etc.
650 _aAgriculture -- India -- Study guides.
942 _2ddc
_cEN
_h630
_mREF
999 _c137142
_d137142